000 00308nam a22001097a 4500
008 151012b xxu||||| |||| 00| 0 eng d
020 _a0582644437.
082 _a307.14 CHA
100 _aCHAMBERS ROBERT.
245 _aRURAL DEVELOPMENT:
_bPUTTING THE LAST FIRST
260 _aLONDON:
_bLONGMAN GROUP LIMITED,
_c1983.
999 _c3453
_d3453